[Event "Olympiad-39"]
[Site "Khanty-Mansiysk"]
[Date "2010.10.01"]
[Round "10.1"]
[White "Shirov, Alexei"]
[Black "Jobava, Baadur"]
[Result "1-0"]
[WhiteElo "2749"]
[BlackElo "2710"]
[Annotator "Estremera,S"]
[PlyCount "87"]
[EventDate "2010.09.21"]
[EventType "team-swiss"]
[EventRounds "11"]
[EventCountry "RUS"]
[SourceTitle "CBM 139"]
[Source "ChessBase"]
[SourceDate "2010.11.18"]
[SourceVersion "1"]
[SourceVersionDate "2010.11.18"]
[SourceQuality "1"]
[WhiteTeam "Spain"]
[BlackTeam "Georgia"]
[WhiteTeamCountry "ESP"]
[BlackTeamCountry "GEO"]

1. e4 c6 2. d4 d5 3. e5 Bf5 4. Nf3 e6 5. Be2 Ne7 6. O-O Bg6 7. Nbd2 Nf5 8. g4
Ne7 ({Dos partidas de Shirov transcurrieron por el siguente sendero} 8... Nh6
9. h3 Ng8 10. Ne1 h5 11. Ng2 hxg4 12. hxg4 c5 {Shirov,A (2730)-Solak,D (2583)
Novi Sad 2009 1/2-1/2 (41) y Shirov,A (2730)-Mchedlishvili,M (2613) Bundesliga
2010 1-0 (50)}) 9. Nh4 c5 10. c3 Nbc6 ({Jobava llevó el otro caballo a c6
contra Lanho hace cuatro años} 10... Nec6 11. Nxg6 hxg6 12. Nf3 Nd7 {y acabó
ganando una complicada partida en Lahno,K (2500)-Jobava,B (2614) Wijk aan Zee
2006}) 11. Nb3 c4 12. Nd2 {Con su maniobra de ida y vuelta Shirov puede
concentrar la atención de sus piezas en el flanco de rey y, al mismo tiempo,
optiene un punto de contacto en b3 que permitirá abrir líneas en el de dama en
el momento oportuno} h5 {se amenazaba f4} 13. g5 Nf5 14. Ndf3 Be7 15. Kh1 b5 (
15... Nxh4 16. Nxh4 Be4+ 17. f3 Bh7 18. Rg1 {y las negras pueden transponer a
la partida con 18...b5 o jugar para el 0-0-0 manteniendo el peón en b7} Qa5 19.
Bd2 $1 O-O-O 20. b3) 16. Nxf5 Bxf5 17. Nh4 Be4+ 18. f3 Bh7 19. Rg1 b4 20. g6 $5
Bxh4 21. gxh7 {En el tablero tenemos una posición dificil de valorar: a cambio
de evidentes ventajas estructurales el peón de h7 impide para siempre 0-0, las
piezas de las negras están descoordinadas y su rey no tiene un lugar seguro
donde ir.} g6 (21... Rxh7 22. cxb4 Qb6 23. Be3 Nxe5 24. b3 cxb3 25. axb3 Nd7
26. b5 g6) 22. cxb4 Qb6 {Jobava gana un peón central...} ({contra} 22... Bf2 {
simplemente} 23. Rg2) 23. Be3 $1 Nxe5 24. b3 $1 cxb3 $2 {Esta captura sólo
beneficia a las blancas.} ({Las negras harían mejor en apresurarse a coordinar
sus fuerzas con} 24... Rxh7 25. Qd2 Nd3 26. bxc4 dxc4 27. Bxd3 cxd3 28. Qxd3 (
28. d5 Qb7) 28... Rd8 {Aunque la posición no está todavía exenta de peligro
con juego cuidadoso parece sostenerse, por ejemplo:} 29. Qe4 Be7 $1 30. d5 (30.
a3 Rd5 31. Rac1) 30... Qxb4 31. Rxg6 Qxe4 32. Rg8+ Kd7 33. Rxd8+ Bxd8 34. fxe4
{con posibles tablas}) 25. axb3 $1 {La torre se ha activado y amenaza irrumpir
en a6} Nd7 26. b5 Rxh7 27. Ra6 Qb7 28. Qc2 $1 {una jugada muy fuerte que
amenaza tanto Rc6 como Qc6, Jobava impide ambas con} Nb8 {pero...} 29. Rxg6 $3
{Shirov aprovecha con brillantez el patético cuadro que ofrecen las piezas
negras. El sacrificio es ganador} fxg6 30. Rxe6+ Kd8 (30... Re7 31. Qxg6+ Kd8
32. Qg8+ Kd7 33. Rxe7+ Bxe7 34. Bf1 $3 Kc7 35. Bf4+ Kb6 36. Qe6+ Ka5 37. Bd2+
Bb4 38. Qd6 Bxd2 39. Qa3+ Kb6 40. Qc5+ Ka5 41. b6# {podría ser un final
divertido}) 31. Qxg6 {Las negras tienen torre de más y les toca pero no tienen
manera de arreglar el desaguisado} Qf7 32. Bg5+ $1 Bxg5 33. Qxg5+ Kc8 34. Qxd5
Rg7 (34... Qd7 35. Qe4 a5 36. Bc4 Ra7 37. Re8+ Kc7 38. Qe5+ Qd6 39. b6+ {
es desastroso}) 35. Bc4 $1 Qg8 (35... Qd7 36. Qxa8) 36. Rc6+ $1 {el resto pudo
habérselo ahorrado el GM georgiano.} Nxc6 37. Qxc6+ Kb8 38. Qd6+ Kc8 39. Bxg8
Rxg8 40. d5 h4 41. Qc6+ Kb8 42. d6 Rc8 43. Qd5 h3 44. Kg1 {Las negras
abandonan. Una muestra más del fascinante juego de Alexei Shirov} 1-0

[Event "Gibraltar Masters 15th"]
[Site "Caleta"]
[Date "2017.01.31"]
[Round "8"]
[White "Sutovsky, Emil"]
[Black "Topalov, Veselin"]
[Result "0-1"]
[WhiteElo "2628"]
[BlackElo "2739"]
[Annotator "Sadorra,J"]
[PlyCount "84"]
[EventDate "2017.01.24"]
[EventType "swiss"]
[EventRounds "10"]
[EventCountry "GGB"]
[SourceTitle "CBM 177"]
[Source "ChessBase"]
[SourceDate "2017.03.16"]
[SourceVersion "1"]
[SourceVersionDate "2017.03.16"]
[SourceQuality "1"]

{Hello chess lovers and fans! Now that Tata Steel Super-tournament is over, we
can now focus more on following the fighting and exciting chess happening in
Gibraltar :-D. In round 8, the only decisive game on the top boards that also
affected the leaderboard is the game between the imaginative Israeli GM
Sutovsky and former World Champ GM Topalov.} 1. e4 c6 2. d4 d5 {the Caro-Kann
is well-known for its solidity and dynamism, making it a good fighting weapon.}
3. e5 Bf5 4. h4 h5 5. Bd3 $5 {this sharp line in the Advance Variation only
started becoming popular in high-level practice in 2014, thanks to the efforts
of GMs Morozevich and Saric.} Bxd3 6. Qxd3 e6 7. Bg5 Be7 ({The most frequently
played line here is} 7... Qb6 8. Nd2 Qa6 9. c4 Bb4 10. b3 {which was tested in
the 4th round between Vocaturo and Caruana.}) 8. Nf3 Nh6 9. Bxh6 Rxh6 10. Nbd2
{Interestingly, this position had been played by Sutovsky 3 months previously,
a game which he nicely won.} Nd7 {I'm sure Topalov is still in his prep as
revealed by his time consumption.} ({Sutovsky's previous game went:} 10... Na6
$6 {the knight has no future here.} 11. c3 c5 12. a3 Rc8 13. b4 cxd4 14. cxd4
Kf8 15. Ke2 g6 16. Qb5 Rc7 17. Rac1 Nb8 18. Nb3 a6 19. Qd3 Kg7 20. Rxc7 Qxc7
21. Rc1 Qd7 22. Nc5 Bxc5 23. bxc5 Nc6 24. Rb1 Rh8 25. Qd2 $1 $16 {1-0 (59)
Sutovsky,E (2625)-David,A (2574) Novi Sad SRB 2016, and White eventually
converted his positional advantages into a win.}) 11. c3 {This normal move can
lead to the same middlegame structure as in the previously mentioned game. It
is also the new deviation according to the databases.} ({The only game played
here before was} 11. g3 c5 12. c4 cxd4 13. cxd5 Qa5 $1 $13 {½-½ (26) Potapov,
P (2485)-Alekseenko,K (2570) Sochi 2016, with a complex game.}) 11... c5 12. a3
Rc8 13. b4 cxd4 14. cxd4 Nb6 $1 {Black has a better version of the middlegame
Sutovsky vs. David owing to the better placement of the knight.} 15. O-O $5 {
"Are you asking me?" replied the brave fighter from Bulgaria.} ({Playing in a
similar fashion as Sutovsky did in his previous game will not be as effective
here:} 15. Ke2 Nc4 16. Rhc1 b5 17. a4 a6 {and Black has no problems.}) ({
A more circumspect try is} 15. g3 Nc4 16. Kf1 (16. O-O) 16... Kf8 {but it's
probably not in Sutovsky's style.}) 15... Bxh4 $1 {Ladies & gentlemen, it is
showtime! :-)} 16. Nxh4 Qxh4 17. Rac1 {"Let me 'show' you what I've got, "
Emil calmly and confidently said.} Qd8 {To which Veselin replied "OK, show me!"
} 18. Qb5+ Qd7 19. Rxc8+ Nxc8 20. Qa5 b6 21. Qa6 {The fighters have exchanged
a series forcing blows, and when the smoke has cleared a little, the verbal
fight ensues:} Ne7 {"You're not taking or threatening anything yet, so let me
just play a natural move here."} 22. Rc1 {"It's coming, just you wait..."} Kd8
$6 {"C'mon, I still don't see it," Veselin tauntingly said. Unfortunately for
him, Veselin didn't sense that he is already drifting into dangerous territory.
..} ({Objectively, it was safer to get the king out of the danger zone with} 
22... f6 $5 23. Nf3 Kf7 {followed by transferring his rook to c8.}) 23. b5 $1 {
"Almost there!" said Emil who craftily played a prohpylactic attacking move.} (
{The hasty} 23. a4 $2 {fails to} Nc6 24. a5 Nxb4 {and Black successfully kicks
out White's annoying queen.}) 23... Nf5 {White to play.} 24. Nb3 $6 {This
solid move was played after a 4-minute thought.} ({Unfortunately for the
Israeli fighter, he missed here a great opportunity to show something real for
the sacrificed pawn that he courageously initiated on move 15:} 24. a4 $3 Nxd4
{Then what?} 25. Kh1 $1 {Of course this calm, cool move has to be foreseen &
planned before venturing into sac-ing another pawn!} Rg6 (25... Rh8 26. a5 $40
{and White's attack crashes through!} Nxb5 (26... bxa5 27. b6 $1) 27. axb6 Ke7
28. Rb1 $18) 26. a5 Rg4 27. g3 $1 {Another calm, patient move that allows
White to stop enemy counterplay and move forward his attack.} Nxb5 {the only
way to try to hold on} 28. axb6 axb6 29. Qa8+ Ke7 30. Rc8 $18 {and Black would
have been helpless in face of White's incoming decisive threats.}) 24... Rh8 {
Veselin hurries to bring his rook to the defence of his imprudent king.} 25. a4
Ke7 26. a5 Rb8 {"I made it!" Veselin said with a huge sigh of relief. The
situation is still complex, and Emil still has compensation owing to his
active pieces. However, now that the queenside is safely secured Emil has to
play more accurately as his compensation will be questioned move by move.} 27.
axb6 $2 {The only clear mistake in the game as it limits White's resources or
allows Black to defend easily. But without enough concrete analysis (and time
of course!), it's difficult to make the right choice here.} (27. Rc6 $1 Qb7 28.
Qxb7+ Rxb7 29. a6 $1 {This is the resource that allows White to keep the
balance.} Rd7 30. Rc8 {and Black cannot make progress:} Rd8 (30... g6 31. Kf1
$11) (30... g5 31. g3 $11 (31. Nc5 $5)) (30... f6 $2 {if Black is ambitious,
White can even get more!} 31. Nc5 bxc5 32. dxc5 d4 33. c6 Rd5 34. b6 d3 35.
bxa7 d2 36. Rc7+ $1 Ke8 (36... Kd8 37. a8=Q+ Kxc7 38. Qb7+ Kd8 39. c7+ $18) 37.
a8=Q+ Rd8 38. Qxd8+ Kxd8 39. Rd7+ $18) 31. Rc7+ Rd7 32. Rc8 $11) 27... axb6 28.
Rc6 Qb7 29. Qa3+ Kd7 {The position has now stabilised, and in the next moves
it is Veselin who will execute his plan and control the game.} 30. g3 Ke8 31.
Qc1 Qe7 (31... Qd7 $5 {preventing rook to c7, but Veselin was probably
concerned about} 32. Qg5 g6 $17 {but White only has ghost threats.}) 32. Rc7
Qd8 33. Qc6+ Kf8 34. Rd7 Qc8 $1 {Trading active pieces and simplifying when up
in material--simple chess!} ({A kingside attack doesn't work as it allows
White enough counterplay after} 34... Qg5 35. Qc7 Ra8 36. Rxf7+ Kg8 37. Qxb6 $1
Kxf7 38. Qb7+ $132) 35. Na5 $2 {Hastens the end. It is either a result of
frustration with losing control of his initiative earlier, or discouragement
for not seeing anything good coming from this position.} ({While it is true
that White is much worse due to lack of compensation, I think he should
nevertheless still have tried to resist and make Black do some technical work
after} 35. Rc7 Qe8 $1 36. Kg2 (36. Rd7 Rc8 37. Qb7 Rc3 38. Rc7 Rxc7 39. Qxc7
Qxb5 $19) 36... Qxc6 37. bxc6 (37. Rxc6 g5 $19) 37... Ne7 38. Kh3 $17 {Black
still needs to make a few more important decisions to convert the advantage,
but Veselin will most probably be up to the task!}) 35... bxa5 36. Rc7 Qd8 37.
b6 Ne7 38. Qc5 a4 $19 {Black is simply a piece up for nothing and has a clear
plan of trading his a-pawn for White's b-pawn.} 39. b7 a3 40. Qd6 a2 41. Rc1
Qxd6 42. exd6 Rxb7 {The rook ending is dead lost, so White resigned. A valiant
effort from both players! I am looking forward to more enterprising battles in
round 9 especially from "Top"alov who has now made his way back to the Top!}
0-1

[Event "Linares 16th"]
[Site "Linares"]
[Date "1999.02.21"]
[Round "1"]
[White "Ivanchuk, Vassily"]
[Black "Anand, Viswanathan"]
[Result "1/2-1/2"]
[WhiteElo "2710"]
[BlackElo "2780"]
[Annotator "Lukacs,P"]
[PlyCount "51"]
[EventDate "1999.02.21"]
[EventType "tourn"]
[EventRounds "14"]
[EventCountry "ESP"]
[EventCategory "20"]
[SourceTitle "CBM 070"]
[Source "ChessBase"]
[SourceDate "1999.06.08"]
[SourceVersion "1"]
[SourceVersionDate "1999.06.08"]
[SourceQuality "1"]

1. e4 c6 2. d4 d5 3. e5 Bf5 4. Nf3 e6 5. Be2 c5 6. O-O Nc6 7. c3 cxd4 8. Nxd4
$5 (8. cxd4 Nge7 9. a3 {see Short-Adianto, Jakarta 1996 CBM 51} (9. Nc3 {
see Hellers-Epishin, Malmo 1994 CBM 42}) (9. b3 {see Nunn-Stohl, Pardubice
1993 CBM 47})) 8... Nge7 ({accepting the P is out of question:} 8... Nxe5 $2 9.
Bb5+) (8... Bxb1 $6 {is again a move against the principles, usually it is not
advisable to exchange a developed piece for an undeveloped one.} 9. Nxc6 (9.
Rxb1 Nge7 (9... Nxe5 $5 10. Bb5+ $44 Nd7) 10. f4 Nxd4 11. cxd4 g6 12. Qa4+ Nc6
13. Bd2 Qb6 14. Bb5 a6 15. Bxc6+ Qxc6 16. Qb3 Qc4 17. Qxb7 Qc8 18. Qxc8+ Rxc8
19. Rfc1 $18 {Leskovar-Escotet, Cipolletti 1993}) 9... bxc6 10. Qa4 $1 {
another important intermediate move.} Qd7 11. Rxb1 $16) (8... Bg6 9. f4 $142 ({
On} 9. Nd2 $6 {Black can take into consideration to accept the P sac, because
the N on d2 is not very threatening.} Nxe5 (9... Nge7 {is simply met by} 10. f4
) 10. f4 (10. Bb5+ Nd7) 10... Nc6 (10... Nd3 $4 {There is no time for
advantures!} 11. f5 Nxc1 12. Bb5+ $18) 11. f5 Bxf5 $1 (11... Nxd4 {is weaker,
because the check on the /^ a4-e8 will be annoying for Black.} 12. cxd4 Bxf5
13. Rxf5 exf5 14. Bb5+ Ke7 15. Qe1+ Kf6 16. Nf3 $44) 12. Nxf5 exf5 13. Rxf5 Nf6
$17 {and Black has time to finish his development.}) (9. Bb5 $5 {is worthy of
consideration.} Nge7 10. Bg5 $13)) 9. Nxf5 Nxf5 10. Bd3 Be7 ({Black can try to
build up a blockade position:} 10... g6 11. Qe2 (11. Re1 Bc5) 11... h5 12. Nd2
Bc5 13. Nf3 Nh4 14. Ne1 g5 15. Kh1 f5 {Black already wants to seize the |^ in
the [+].} 16. exf6 Qxf6 17. f4 g4 18. Be3 Bxe3 19. Qxe3 O-O-O {1/2:1/2
Egorov-Galkin, RUS-Cup Ekaterinburg 1997}) 11. Re1 d4 $5 (11... O-O 12. Nd2
$142 (12. Qg4 {can easily be parried by} Qd7) (12. Bxf5 exf5 13. Qd3 Qd7 (13...
g6 14. Bh6) 14. Qg3 Qe6 {blockading the position.}) 12... d4 13. c4 Nb4 14. Nf3
Nxd3 15. Qxd3 $14 {blockading the d4 P.}) 12. a3 {/\ c4} (12. c4 Nb4 13. Be4 d3
$1 {otherwise a3 comes.} 14. Qa4+ (14. Bxb7 Rb8) (14. Na3 Qd7) 14... Kf8 15.
Rd1 Qd4) (12. Be4 $5 {comes into consideration, for example} dxc3 13. Nxc3 (13.
Bxc6+ bxc6 14. Nxc3 Qxd1 15. Rxd1 O-O $11 {Black's << pawns are weak, but the
white B is bad, too.}) (13. Qxd8+ Rxd8 14. Nxc3 Nxe5 15. Bxb7 Nd3 $1 $132)
13... O-O (13... Qc7 $2 14. Bxf5 exf5 15. Nd5) (13... Nxe5 $2 14. Bxf5) 14.
Bxf5 exf5 (14... Qxd1 15. Bxh7+) 15. Nd5) 12... dxc3 13. Nxc3 O-O 14. Qf3 (14.
Bxf5 exf5 15. Nd5 {is simply met by} Bc5) 14... Nh4 $1 {regrouping the N for
the attack of >< e5.} (14... Ncd4 15. Qh3 {/\ g4}) 15. Qe4 Ng6 16. f4 Qb6+ (
16... Qd4+ 17. Be3 Qxe4 18. Bxe4 $14 {leads to a slightly better _|_ for White
because of the ^^ and the space advantage.}) 17. Kf1 (17. Kh1 Rfd8) (17. Be3 {
is risky:} Qxb2 (17... Bc5) 18. Nb5 Qb3 $1 19. Rab1 Qd5) 17... Rfd8 {Black has
fully consolidated his position.} 18. g3 Na5 $5 {>< b3} (18... Nd4 19. Be3) 19.
Rb1 (19. b4 $142 $5 {is answered by the intermediate} Qc6 $1 (19... Rd4 $4 20.
bxa5 $18) (19... Qd4 $4 20. Qxd4 Rxd4 21. Bxg6 $18) (19... Nb3 20. Be3 $1 (20.
Rb1 Nxc1 $11)) 20. Qxc6 Nxc6 21. Be4 {looks also better for White, see text
before.}) 19... Rac8 (19... Nb3 $5 {was also playable} 20. Be3 Bc5 21. Rbd1 $11
({On} 21. Na4 $6 {the best reply is} Qa5 $1 $13 {Other moves fail to equalize:}
(21... Bxe3 $2 22. Nxb6 Nd2+ 23. Ke2 Nxe4 24. Nxa8 $18) (21... Qc6 $2 22. Qxc6
bxc6 23. Bxg6 Bxe3 24. Rxe3 Nd2+ 25. Ke2 hxg6 26. Rc1 $18) (21... Qc7 22. Qc4
$1))) 20. Be3 ({Here} 20. b4 $2 {is useless} Rxc3 21. bxa5 Qc6 $1 (21... Qxa5
$2 22. Bd2 Qxa3 23. Bxc3 Qxc3 24. Red1) 22. Qxc6 bxc6) 20... Qb3 $1 (20... Bc5
$4 21. Na4) 21. Bxa7 Bxa3 $1 22. Re2 (22. bxa3 Qxc3 $11) 22... Bc5 (22... Bxb2
$2 23. Rbxb2 Qxc3 24. Rec2 Qa3 25. Ra2 $16) 23. Bxc5 Rxc5 24. Bc2 Qc4 25. Ra1
Nc6 26. Ra4 1/2-1/2

[Event "EU-ch 4th"]
[Site "Istanbul"]
[Date "2003.06.03"]
[Round "5"]
[White "Grischuk, Alexander"]
[Black "Nisipeanu, Liviu Dieter"]
[Result "1/2-1/2"]
[WhiteElo "2701"]
[BlackElo "2606"]
[Annotator "Lukacs,P"]
[PlyCount "110"]
[EventDate "2003.05.30"]
[EventType "swiss"]
[EventRounds "13"]
[EventCountry "TUR"]
[SourceTitle "CBM 096"]
[Source "ChessBase"]
[SourceDate "2003.09.25"]
[SourceVersion "1"]
[SourceVersionDate "2003.09.25"]
[SourceQuality "1"]

1. e4 c6 2. d4 d5 3. e5 Bf5 4. Nd2 e6 5. Nb3 {This N manoeuvre is fighting
against the freeing move ...c6-c5.} Nd7 6. Nf3 (6. Be3 {continues the struggle
for the key-square c5.} Nb6 {/\ Nc4} (6... a6 {/\ c5, and defending against
Bb5.} 7. f4 Rc8 8. Nf3 c5 9. dxc5 Nxc5 {In a normal "French" structure the B
is passive on c8 and the blockade of >< d4 is favourable for white. Here the
situation is different.} 10. c3 Na4 {This N manoeuvre looks a bit
sophysticated.} 11. Qd2 Ne7 12. Be2 Nb6 13. Na5 {fighting against Nc4.} Qc7 14.
O-O Bg4 15. Nd4 Bxe2 16. Qxe2 Nc4 17. Nxc4 Qxc4 18. Qf2 Qd3 19. Rad1 Qg6 20. h3
{Black has problems with his development.} h5 21. f5 $14 {Short-Dreev, FIDE
World Cup Final Hyderabad 2002}) 7. Nf3 Nc4 8. Rb1 Bb4+ 9. Nbd2 {One can
understand that there is something wrong with White's setup.} Ne7 10. Bd3 O-O
11. O-O Nxe3 12. fxe3 c5 13. Bxf5 Nxf5 14. Qe2 cxd4 15. exd4 Be7 16. c3 Rb8 {
/\ b5, a5 with a minority -> against White's <<.} 17. a3 a5 {/\ b5} (17... b5
18. b4 {/\ Nb3-c5}) 18. Qb5 Qc7 19. a4 Qc6 $11 {Short-Macieja, Bled ol (Men)
2002}) 6... Ne7 (6... Bg6 7. Be2 (7. Be3 Nh6 {Black is not afraid of doubled
pawns.} 8. Qd2 (8. Bxh6 $5 gxh6 9. Be2 f6) 8... Nf5 9. Bg5 Be7 10. Bxe7 Qxe7
11. Be2 (11. g3 $5 Bh5 12. Ng1 {looks odd, but interesting.}) 11... Nh4 12.
Nxh4 Qxh4 13. O-O O-O $11 {Peric-Piankov, Vila de Padron op 2000}) 7... Ne7 (
7... Nh6 8. O-O Be7 9. a4 {the advance on the << is not a dangerous plan for
black.} O-O 10. a5 b5 11. axb6 axb6 12. c4 Rxa1 13. Nxa1 Nf5 $11 (13... dxc4
14. Bxh6 gxh6 15. Bxc4 $14 {Markovic-Zelcic, Bled op 2000})) 8. O-O {-
Delchev-P.Schlosser, FRA-chT 2003 CBM 95}) (6... a6 7. Be2 (7. Be3 Ne7 8. Be2)
7... c5 8. dxc5 Ne7 {- Zvjaginsev-Sargission, Ciudad de Ubeda op 2000 CBM 75})
(6... f6 {is a logical plan blowing up White's [+].} 7. exf6 Qxf6 8. Be2 Bd6 9.
c4 Ne7 10. O-O O-O 11. Bg5 Qf7 12. h3 (12. Bh4 $5) 12... Ng6 13. Re1 Rae8 14.
Be3 Nf4 $15 {Palekha-Savon, Sudak 2002}) 7. Be2 Rc8 (7... Bg4 {- Fries
Nielsen-Rasmussen, DEN-ch Nyborg 2001 CBM 83}) (7... c5 $2 8. Nxc5 $16 {
- Zvjagintsev-Dautov, Julian Borowski 1999 CBM 71}) (7... Ng6 $5 8. O-O h5 {
Dautov}) (7... Bg6 {- 6...Bg6}) 8. O-O Bg4 9. c3 a6 (9... c5 10. Nxc5 Nxc5 11.
dxc5 Nc6 12. b4 $5 {keeping the important c5 P for the e5 one.} Bxf3 13. Bxf3
Nxe5 14. Be2 $14) 10. Bd2 $5 (10. h3 Bxf3 (10... Bh5 11. Re1 $14) 11. Bxf3 c5
12. Nxc5 Nxc5 (12... Nxe5 13. Bh5 $1 $16) 13. dxc5 Ng6 14. b4 Nxe5 15. Be2 $14
{and White has the ^^ and good prospects on the <<.}) 10... Nf5 (10... Ng6 11.
h3 $14) 11. h3 Bxf3 12. Bxf3 c5 13. Bg4 g6 (13... c4 14. Nc1 $14) 14. Bxf5 gxf5
15. Qh5 {White has some space advantage, and it is not eazy for Black to
connect his << and >>.} (15. Nxc5 Nxc5 16. dxc5 Bxc5 17. Qa4+ Rc6 18. Bh6 b5
19. Qf4 $14) 15... h6 (15... c4 16. Nc1 $14) 16. Be3 Nb6 ({If Black gains
space on the << by} 16... c4 {then} 17. Nc1 b5 18. Ne2 $14 {comes with good
attacking chances on the >>.}) 17. Nxc5 {Now it is high time to take on c5.}
Bxc5 18. dxc5 Nc4 19. Bd4 Qg5 20. Qe2 f4 21. f3 (21. Rad1 Rg8 (21... f3 22.
Qxf3 Nd2 (22... Nxb2 $2 23. Rb1 $18) 23. Rxd2 Qxd2 24. b4 Qxa2 25. Qf6 Rg8 26.
Qxh6 $11) 22. f3 $14 {looked also a little bit better.}) 21... Ne3 22. Bxe3 ({
The cold-blooded} 22. Rfe1 $1 {gave more practical chances, for example:} Nf5 (
22... Nc4 23. Rad1 $14) (22... Rg8 23. g4 $1 {This is the point!} Nf5 24. Bf2
$14) 23. Rad1 $14) 22... Qxe5 $1 {now an equal R _|_ will arise by force.} (
22... fxe3 $2 23. f4 $18) 23. Rae1 Qxe3+ $11 24. Qxe3 fxe3 25. Rxe3 (25. b4 b6
$1 $132) 25... Rxc5 26. f4 Ke7 27. f5 Rcc8 28. fxe6 fxe6 29. Rf5 Kd6 30. Rf6
Rce8 31. g4 h5 $1 32. g5 h4 $1 33. Kg2 Rhg8 34. g6 Rgf8 35. Rexe6+ Rxe6 36.
Rxf8 Rxg6+ 37. Kf2 b5 38. Rh8 Rf6+ 39. Ke3 Rg6 40. Rxh4 Rg2 $1 {White has won
a P, but the _|_ remains drawish.} 41. Rh6+ Ke5 42. Rh5+ Kd6 43. Rh6+ Ke5 44.
Rh5+ Kd6 45. b4 Rxa2 46. h4 a5 47. bxa5 Rxa5 48. Rh8 Ra3 49. Kd4 Ra4+ 50. Kd3
Kc5 51. h5 Rh4 52. h6 Rh3+ 53. Kc2 Kb6 54. h7 Kb7 55. Kd2 b4 1/2-1/2